| 000 | 01115cam a22003737a 4500 | ||
|---|---|---|---|
| 001 | 16916032 | ||
| 003 | OSt | ||
| 005 | 20140310182857.0 | ||
| 008 | 110812s2011 ph 000 1 eng | ||
| 010 | _a 2011308259 | ||
| 020 | _a9789712725913 (hard) | ||
| 020 | _a9789712725371 (pbk.) | ||
| 040 |
_aDLC _cDLC _dDLC |
||
| 041 | 0 |
_aeng _atgl |
|
| 042 | _alcode | ||
| 050 | 0 | 0 |
_aPL 5535 _b.T693 2011 |
| 082 |
_aFIL 899.210301 _b.T693 2011 |
||
| 245 | 0 | 2 |
_aA treat of 100 short stories _cTorres, Gerardo Z. |
| 246 | 3 | _aTreat of one hundred short stories | |
| 260 |
_aManila _bPublished and exclusively distributed by Anvil Pub. _cc2011 |
||
| 300 |
_axiii, 223 p. _c24 cm. |
||
| 490 | 0 |
_aDe La Salle University centennial series ; _v7 |
|
| 521 | _acollege students | ||
| 526 | _c1210L to 1700L | ||
| 541 | _j1 | ||
| 541 | _j2 | ||
| 541 | _j3 | ||
| 546 | _aIn English, and some short stories in Tagalog. | ||
| 562 | _e3 | ||
| 700 | 1 | _aTorres, Gerardo Z. | |
| 906 |
_a7 _bcbc _corigode _d4 _encip _f20 _gy-gencatlg |
||
| 942 |
_2lcc _cBK _kFIL |
||
| 999 |
_c17043 _d17043 |
||